[Event "WUCC op U16"]
[Site "Istanbul"]
[Date "1998.??.??"]
[Round "?"]
[White "Evelev, Vladimir M"]
[Black "Izoria, Zviad"]
[Result "0-1"]
[WhiteElo "2220"]
[BlackElo "2270"]
[PlyCount "126"]
[EventDate "1998.??.??"]
[EventType "swiss"]
[EventRounds "10"]
[EventCountry "TUR"]
[SourceTitle "EXT 2007"]
[Source "ChessBase"]
[SourceDate "2006.11.23"]
[SourceVersion "1"]
[SourceVersionDate "2006.11.23"]
[SourceQuality "1"]

1. e4 c6 2. d4 d5 3. Nd2 dxe4 4. Nxe4 Bf5 5. Ng3 Bg6 6. h4 h6 7. Nf3 Nd7 8. h5 Bh7 9. Bd3 Bxd3 10. Qxd3 e6 11. Bf4 Ngf6 12. 0-0-0 Be7 13. Ne4 0-0 14. Nxf6+ Nxf6 15. Ne5 Nd5 16. Bd2 Bg5 17. g3 Bxd2+ 18. Qxd2 Qc7 19. f4 Rfd8 20. Kb1 Ne7 21. Qf2 Rd5 22. g4 Rad8 23. Rd3 f6 24. Ng6 Qd7 25. Qe3 Kf7 26. Nxe7 Qxe7 27. Re1 b5 28. Qd2 Qc7 29. Qe3 R8d6 30. f5 Qd7 31. fxe6+ Rxe6 32. Qxe6+ Qxe6 33. Rxe6 Kxe6 34. Re3+ Kd7 35. c3 Rg5 36. Re4 f5 37. gxf5 Rxh5 38. Re5 Rg5 39. Kc2 h5 40. Kd3 h4 41. Re2 Rxf5 42. Ke4 Rh5 43. Kf4 h3 44. Rh2 Ke6 45. Kg4 Rh6 46. b3 Kd5 47. Kf4 b4 48. cxb4 Kxd4 49. Kf3 Kc3 50. Kf4 Kxb4 51. Kf3 Kc3 52. Kf4 Kd3 53. Kf3 a5 54. Kf4 c5 55. Kg3 a4 56. bxa4 c4 57. a5 c3 58. a6 Rxa6 59. Rxh3 c2 60. Rh1 Kd2 61. Rh2+ Kc3 62. Rh1 Kb2 63. Rh2 Kb1 0-1